Statistics for Countries beggining with B

Click here to take the quiz!

General Stats

  • This quiz has been taken 29 times
  • The average score is 12 of 15

Answer Stats

HintAnswer% Correct
South AmericaBolivia
96%
North AmericaBarbados
88%
EuropeBelgium
88%
North AmericaBelize
88%
AfricaBurundi
88%
AfricaBenin
85%
AfriaBotswana
85%
EuropeBulgaria
81%
AfricaBurkina Faso
81%
AsiaBahrain
77%
South AmericaBrazil
77%
AsiaBrunei
77%
AsiaBangladesh
73%
EuropeBelarus
69%
AsiaBuhtan
12%

Score Distribution

Percentile by Number Answered

Percent of People with Each Score

Your Score History

You have not taken this quiz